000
00152 a2200085 4500
041
_a
spa
100
_a
Anonimo
245
_a
Guia Para Maestro
942
_c
BK
999
_c
15566
_d
15566